| 000 | 01647cam a2200469 a 4500 | ||
|---|---|---|---|
| 001 | 22698 | ||
| 003 | SK-KTurca | ||
| 005 | 20260420164032.0 | ||
| 008 | 160610s2013 xo a b 000 j slo | ||
| 015 | _aSNBA2014/03 | ||
| 020 |
_a9788089552764 _q(viaz.) |
||
| 035 | _a3B8FDAF5-52EB-4060-B5E0-B72FAFA2B94F | ||
| 035 | _aurn:nbn:sk:snk-aml0s5 | ||
| 035 | _aurn:nbn:sk:snk-am008nx3 | ||
| 040 |
_aSNK _bslo _cSNK _eAACR2 |
||
| 041 | 0 | _aslo | |
| 044 |
_axo _cSK |
||
| 072 | 7 |
_a821.162.4 _xSlovenská literatúra _2konspekt |
|
| 072 | 7 |
_a821-93 _xLiteratúra pre deti a mládež (beletria) _2konspekt |
|
| 080 |
_a37.016:028-028.31 _22001 |
||
| 080 |
_a821-93 _22001 |
||
| 080 |
_a821.162.4-34 _22001 |
||
| 100 | 1 |
_aJarunková, Klára, _d1922-2005 _4aut |
|
| 245 | 1 | 0 |
_aO psovi, ktorý mal chlapca _cKlára Jarunková ; ilustrovala Dana Zacharová |
| 250 | _a1. vyd. | ||
| 260 |
_aBratislava _bTrio Publishing _c2013 |
||
| 300 |
_a47 s. _bfareb. ilustr. _c22 cm |
||
| 490 | 1 | _aAnalfabeta Negramotná/Čítame s porozumením | |
| 500 | _aKniha vyšla v rámci projektu Čítame s porozumením | ||
| 521 | 1 | _aPre deti od 5 do 8 rokov | |
| 650 | 0 | 7 |
_ačítanie s porozumením _2SNKPH |
| 650 | 0 | 7 |
_aReading comprehension _2SNKPHeng |
| 655 | 7 |
_aslovenské rozprávky _2SNKPH |
|
| 655 | 7 |
_aSlovak fairy tales _2SNKPHeng |
|
| 655 | 7 |
_aliteratúra pre deti _2SNKPH |
|
| 655 | 7 |
_aChildren’s literature _2SNKPHeng |
|
| 700 | 1 |
_aZacharová, Dana, _d1947- _4ill |
|
| 830 | 0 | _aAnalfabeta Negramotná/Čítame s porozumením | |
| 942 |
_2ddc _cKLDE _n0 |
||
| 999 |
_c22698 _d22698 |
||